| 000 -LEADER |
| fixed length control field |
00775nam a22002057a 4500 |
| 001 - CONTROL NUMBER |
| control field |
21288 |
| 003 - CONTROL NUMBER IDENTIFIER |
| control field |
BD-DhUAP |
| 005 - DATE AND TIME OF LATEST TRANSACTION |
| control field |
20211118120432.0 |
| 008 - FIXED-LENGTH DATA ELEMENTS--GENERAL INFORMATION |
| fixed length control field |
211118b20202020bg a|||| |||| 001 0dben d |
| 020 ## - INTERNATIONAL STANDARD BOOK NUMBER |
| International Standard Book Number |
9789848179376 |
| 040 ## - CATALOGING SOURCE |
| Original cataloging agency |
BD-DhUAP |
| Language of cataloging |
BD-DhUAP |
| Transcribing agency |
BEN |
| Modifying agency |
BD-DhUAP |
| Description conventions |
BD-DhUAP |
| 082 ## - DEWEY DECIMAL CLASSIFICATION NUMBER |
| Edition number |
23 |
| Classification number |
954.9205092 ISL |
| 100 ## - MAIN ENTRY--PERSONAL NAME |
| Personal name |
ইসলাম, আফসানা |
| 245 ## - TITLE STATEMENT |
| Title |
বঙ্গবন্ধর নারী উন্নয়ন ভাবনা / |
| Remainder of title |
আফসানা ইসলাম |
| 260 ## - PUBLICATION, DISTRIBUTION, ETC. |
| Place of publication, distribution, etc. |
ঢাকা : |
| Name of publisher, distributor, etc. |
তাম্রলিপি, |
| Date of publication, distribution, etc. |
২০২০ |
| 300 ## - PHYSICAL DESCRIPTION |
| Extent |
৯৬ পৃষ্ঠা : |
| Other physical details |
চিত্র ; |
| Dimensions |
২১ সে.মি. |
| 600 ## - SUBJECT ADDED ENTRY--PERSONAL NAME |
| Personal name |
Mujibur Rahman, Sheikh, |
| Dates associated with a name |
(1920-1975) |
| 650 ## - SUBJECT ADDED ENTRY--TOPICAL TERM |
| Topical term or geographic name entry element |
Bangladesh |
| General subdivision |
Politics and government |
| 942 ## - ADDED ENTRY ELEMENTS (KOHA) |
| Source of classification or shelving scheme |
|
| Koha item type |
Book |